耳部疾病最恼人 (Record no. 63900)
[ view plain ]
| 000 -LEADER | |
|---|---|
| fixed length control field | 00493nam a22001937a 4500 |
| 003 - CONTROL NUMBER IDENTIFIER | |
| control field | MPLRDC |
| 005 - DATE AND TIME OF LATEST TRANSACTION | |
| control field | 20220104190654.0 |
| 008 - FIXED-LENGTH DATA ELEMENTS--GENERAL INFORMATION | |
| fixed length control field | 210129b ||||| |||| 00| 0 eng d |
| 020 ## - INTERNATIONAL STANDARD BOOK NUMBER | |
| International Standard Book Number | 986-7596-42-0 |
| 082 ## - DEWEY DECIMAL CLASSIFICATION NUMBER | |
| Classification number | 413.52 ZRE |
| 100 ## - MAIN ENTRY--PERSONAL NAME | |
| Personal name | 张荣二 编著 |
| 245 ## - TITLE STATEMENT | |
| Title | 耳部疾病最恼人 |
| Statement of responsibility, etc. | |
| 250 ## - EDITION STATEMENT | |
| Edition statement | 初版 |
| 260 ## - PUBLICATION, DISTRIBUTION, ETC. | |
| Place of publication, distribution, etc. | 台湾 |
| Name of publisher, distributor, etc. | 元气斋出版社有限公司 |
| Date of publication, distribution, etc. | 2005 |
| 300 ## - PHYSICAL DESCRIPTION | |
| Other physical details | 平 |
| 490 ## - SERIES STATEMENT | |
| Series statement | 家医系列: 13 |
| 650 ## - SUBJECT ADDED ENTRY--TOPICAL TERM | |
| Topical term or geographic name entry element | 中医五官--耳科 |
| 942 ## - ADDED ENTRY ELEMENTS (KOHA) | |
| Koha item type | Book |
| -- | 413.52 ZRE |
| Withdrawn status | Lost status | Source of classification or shelving scheme | Damaged status | Not for loan | Collection code | Home library | Current library | Shelving location | Date acquired | Cost, normal purchase price | Total Checkouts | Total Renewals | Full call number | Barcode | Date last seen | Date last checked out | Price effective from | Koha item type | Public note |
|---|---|---|---|---|---|---|---|---|---|---|---|---|---|---|---|---|---|---|---|
| Malaysian Public Library, Research and Development Centre | Malaysian Public Library, Research and Development Centre | 12/08/2011 | 12.00 | 1 | 413.52 ZRE | 00058029 | 18/03/2021 | 29/12/2015 | 18/03/2021 | Book | mplrdc |
